Čo je nesystémové: len opatrenia alebo aj kritika?

Protismerové pôsobenie mnohých krokov v ekonomike. Vedomé a nevedomé prijímanie nesystémových opatrení. Zdôvodňovanie neschopnosti nedostatkom informácií. Oslabená konkurencieschopnosť. Dovozná prirážka a devalvácia.

Salvato in:
Dettagli Bibliografici
Autore principale: Knapik, Peter
Natura: Capitolo di libro
Lingua:slovacco
Soggetti:
Tags: Aggiungi Tag
Nessun Tag, puoi essere il primo ad aggiungerne!!

MARC

LEADER 00000naa a2200000 4500
001 r027478
005 20230824091316.4
041 0 |a slo 
044 |a SK 
245 1 0 |a Čo je nesystémové: len opatrenia alebo aj kritika?  |c Peter Knapik 
520 |a Protismerové pôsobenie mnohých krokov v ekonomike. Vedomé a nevedomé prijímanie nesystémových opatrení. Zdôvodňovanie neschopnosti nedostatkom informácií. Oslabená konkurencieschopnosť. Dovozná prirážka a devalvácia. 
610 2 0 |a Slovensko 
610 2 0 |a 1997 
610 2 0 |a opatrenia 
610 2 0 |a devalvácia 
610 2 0 |a prirážky dovozné 
100 1 |a Knapik, Peter